000 00467nam a22001697a 4500
005 20240506124039.0
008 240506b |||||||| |||| 00| 0 eng d
020 _a9781617292545
082 _a005.276
_bWAL-S
100 _aWalls, Craig
245 _aSpring boot in action /
_cCraig Walls
260 _aUSA:
_bThomson:
_c2016.
300 _a248 p. :
_bill;
_c24 cm.
500 _ainclude index.
650 _aComputer Science/Java Programming Language
999 _c35694
_d35694